Detalles MARC
| 000 -CABECERA |
| campo de control de longitud fija |
00974cam a22002891 4500 |
| 001 - NÚMERO DE CONTROL |
| campo de control |
000011064 |
| 005 - FECHA Y HORA DE LA ÚLTIMA TRANSACCIÓN |
| campo de control |
20200929162341.0 |
| 008 - DATOS DE LONGITUD FIJA--INFORMACIÓN GENERAL |
| campo de control de longitud fija |
840911s1965 fr b 000 0 fre |
| 010 ## - NÚMERO DE CONTROL DE LA BIBLIOTECA DEL CONGRESO |
| Número de control de LC |
66075364 |
| 015 ## - NÚMERO DE BIBLIOGRAFÍA NACIONAL |
| Número de bibliografía nacional |
F66-2004 |
| 035 ## - NÚMERO DE CONTROL DEL SISTEMA |
| Número de control de sistema |
(OCoLC)11142783 |
| 040 ## - FUENTE DE LA CATALOGACIÓN |
| Centro catalogador/agencia de origen |
DO-SdBNP |
| Centro/agencia transcriptor |
WU-M |
| Centro/agencia modificador |
WU-M |
| -- |
DLC |
| 042 ## - CÓDIGO DE AUTENTICACIÓN |
| Código de autenticación |
premarc |
| 050 00 - SIGNATURA TOPOGRÁFICA DE LA BIBLIOTECA DEL CONGRESO |
| Número de clasificación |
RC1210 |
| Número de documento/Ítem |
.A5 |
| 082 ## - NÚMERO DE LA CLASIFICACIÓN DECIMAL DEWEY |
| Número de clasificación |
612 |
| 100 1# - ENTRADA PRINCIPAL--NOMBRE DE PERSONA |
| Nombre de persona |
Andrivet, Robert. |
| 9 (RLIN) |
26565 |
| 245 10 - MENCIÓN DE TÍTULO |
| Título |
Physiologie du sport, / |
| Mención de responsabilidad, etc. |
par les Drs. Robert Andrivet, Jean-Claude Chignon et Jacques Leclercq ... |
| 260 ## - PUBLICACIÓN, DISTRIBUCIÓN, ETC. |
| Lugar de publicación, distribución, etc. |
Paris, : |
| Nombre del editor, distribuidor, etc. |
Presses Universitaires de France, |
| Fecha de publicación, distribución, etc. |
1965. |
| 300 ## - DESCRIPCIÓN FÍSICA |
| Extensión |
128 p. ; |
| Dimensiones |
18 cm. |
| 490 0# - MENCIÓN DE SERIE |
| Mención de serie |
Que sais-je? Le point des connaissances actuelles, |
| Designación de volumen o secuencia |
no. 133 |
| 500 ## - NOTA GENERAL |
| Nota general |
Illustrated cover. |
| 504 ## - NOTA DE BIBLIOGRAFÍA, ETC. |
| Nota de bibliografía, etc. |
Bibliography: p. 127. |
| 650 #0 - PUNTO DE ACCESO ADICIONAL DE MATERIA--TÉRMINO DE MATERIA |
| Término de materia o nombre geográfico como elemento de entrada |
Sports medicine. |
| 9 (RLIN) |
26566 |
| 700 1# - PUNTO DE ACCESO ADICIONAL--NOMBRE DE PERSONA |
| Nombre de persona |
Chignon, Jean Claude, |
| Término indicativo de función/relación |
joint author. |
| 9 (RLIN) |
26567 |
| 700 1# - PUNTO DE ACCESO ADICIONAL--NOMBRE DE PERSONA |
| Nombre de persona |
Leclercq, Jacques, |
| Fechas asociadas al nombre |
1891-1971, |
| Término indicativo de función/relación |
joint author. |
| 9 (RLIN) |
26568 |
| 910 ## - DATOS DE OPCIÓN DEL USUARIO (OCLC) |
| Datos de opción del usuario |
Catalogación por copia / LC |